Business rate supplements (Record no. 107540)

MARC details
000 -LEADER
fixed length control field 01768cad a22002295a 4500
001 - CONTROL NUMBER
control field L140806
008 - FIXED-LENGTH DATA ELEMENTS--GENERAL INFORMATION
fixed length control field 071012s2007 xxkd f s 000 0 eng d
035 ## - SYSTEM CONTROL NUMBER
System control number (Sirsi) u140806
041 0# - LANGUAGE CODE
Language code of text/sound track or separate title eng
050 04 - LIBRARY OF CONGRESS CALL NUMBER
Classification number 336.21 $2 18
110 1# - MAIN ENTRY--CORPORATE NAME
Corporate name or jurisdiction name as entry element United Kingdom
Subordinate unit HM Treasury
245 00 - TITLE STATEMENT
Title Business rate supplements
Remainder of title a White Paper
Medium [electronic resource]
260 ## - PUBLICATION, DISTRIBUTION, ETC.
Place of publication, distribution, etc. London
Name of publisher, distributor, etc. HM Treasury
Date of publication, distribution, etc. 2007
490 #0 - SERIES STATEMENT
Series statement Cm
Volume/sequential designation 7230
505 2# - FORMATTED CONTENTS NOTE
Formatted contents note Executive Summary -- Empowering local authorities to promote economic development -- The Government's proposed approach to business rate supplements -- The economic impact of changes in business rates
520 ## - SUMMARY, ETC.
Summary, etc. Sets out the Government's proposal to introduce a power for local authorities and the Greater London Authority to raise and retain local supplements on the national business rate. Proposes a model for business rate supplements involving four levels of protection for business: revenue from supplements will only be available for spending on economic development ; a national upper limit of two pence in the pound on the level of supplements levied; properties liable for business rates with a rateable value of £50 000 or less will be exempted from paying supplements; where the supplement will support more than a third of the total cost of the project, there will also be a full "double-lock" ballot of businesses affected. Only the highest tier local authority in any area will be entitled to levy supplements.
590 ## - LOCAL NOTE (RLIN)
Local note KA NTK
651 #4 - SUBJECT ADDED ENTRY--GEOGRAPHIC NAME
Geographic name United Kingdom
Chronological subdivision
690 ## - LOCAL SUBJECT ADDED ENTRY--TOPICAL TERM (OCLC, RLIN)
Topical term or geographic name as entry element PROPERTY-COMMERCIAL PROPERTY-COMMERCIAL PROPERTY TAXATION-BUSINESS RATES
856 40 - ELECTRONIC LOCATION AND ACCESS
Uniform Resource Identifier <a href="https://www.hm-treasury.gov.uk/pbr_csr/documents/pbr_csr07_businessrate.cfm">https://www.hm-treasury.gov.uk/pbr_csr/documents/pbr_csr07_businessrate.cfm</a>
Public note View this item free of charge at www.hm-treasury.gov.uk...
942 ## - ADDED ENTRY ELEMENTS (KOHA)
Suppress in OPAC 0
Holdings
Withdrawn status Lost status Source of classification or shelving scheme Damaged status Not for loan Home library Current library Shelving location Date acquired Total Checkouts Full call number Barcode Date last seen Copy number Price effective from Koha item type
    Dewey Decimal Classification     Virtual Virtual Online 12/10/2007   L140806 140806-1001 06/08/2019 1 06/08/2019 Book